00330nam a2200121Ia 4500008004100000041000800041082001200049100001600061245004000077260004800117300003200165365001100197240624s9999 xx 000 0 und d aeng a020 KUM aKUMAR P S G aCOMPUTERIZATION OF INDIAN LIBRARIES c1987aNew DelhibB R Publishing Corporation axxiv, : 334 : p. : cm. ; 22 cRSb20